000 00452nam a2200169Ia 4500
008 221030s9999 xx 000 0 und d
020 _a8120310535
041 _aEnglish
082 _a105.23
_bCom
100 _aM. L. Blum
245 0 _aIndustrial Psychology : Its Theoretical & Social Foundation
_cby M. L. Blum, J. C. Naylor
260 _bPHI
_aNew Delhi
_c2001
300 _a613
650 _aBE Management
700 _aJ. C. Naylor
942 _cBK
999 _c1462
_d1462